Normal view
MARC view
- Marketing
Entry Topical Term
001 - CONTROL NUMBER
- control field: 2661
003 - CONTROL NUMBER IDENTIFIER
- control field: OSt
005 - DATE AND TIME OF LATEST TRANSACTION
- control field: 20191221160010.0
008 - FIXED-LENGTH DATA ELEMENTS
- fixed length control field: 191221|| aca||aabn | a|a d
040 ## - CATALOGING SOURCE
- Original cataloging agency: OSt
- Transcribing agency: OSt
150 ## - HEADING--TOPICAL TERM
- Topical term or geographic name entry element: Marketing
670 ## - SOURCE DATA FOUND
- Source citation: Work cat.: (OSt)1185: Naresh K. Malhotra 2660, Marketing Research : An Applied Orientation, 2011
